000 00896cam a2200253 i 4500
001 18661
003 Mx-PuUPA
005 20260604110455.0
008 140415s1963 pe a gr 000 0 spa d
040 _aMx-PuUPA
_bspa
_cMx-PuUPA
_dMx-PuUPA
_erda
041 0 _aspa
100 1 _aKauffmann Doig, Federico,
_eautor
245 1 3 _aLa historia del Perú desde sus orígenes hasta el presente.
_n1.
_pEl Perú antiguo /
_cpor Federico Kauffmann Doig
264 1 _aLima, Perú :
_bEditorial Síntesis,
_c1963
300 _apáginas :
_bilustraciones (en blanco y negro) ;
_c18 cm
336 _2rdacontent
_atexto
_btxt
337 _2rdamedia
_asin medio
_bn
338 _2rdacarrier
_avolumen
_bnc
490 0 _aHistoria del Perú desde sus orígenes hasta el presente ;
_v1
651 4 _aPerú
_xHistoria
942 _2ddc
_cLI
_h985
_iK25
999 _c18661
_d18661